| 000 | 00391 a2200121 4500 | ||
|---|---|---|---|
| 001 | ART_12194 | ||
| 005 | 20260410161904.0 | ||
| 008 | 260409a | ||
| 245 | 1 | 0 | _aLarge sample estimation and testing procedures for dynamic equation systems |
| 100 | 1 | _aZellner, Arnold | |
| 700 | 1 | _aPalm, Franz | |
| 773 | 0 |
_tJournal of econometrics _g- Vol. 12, NÂș 3 (abr. 1980) _wREV11720 |
|
| 999 |
_c26178 _d26178 |
||